| 000 | 00859nas a2200265 4500 | ||
|---|---|---|---|
| 001 | BR9505354 | ||
| 003 | BR-BrBNA | ||
| 005 | 20231205094428.0 | ||
| 007 | ta | ||
| 008 | 230509b bl.|||p| |||| 00| 00por d | ||
| 040 |
_aBR-BrBNA _bpor _cBiblioteca Nacional de Agricultura |
||
| 041 | _a(Pt) | ||
| 072 | _aF04 | ||
| 100 | 1 | _aPaula, J.R. de | |
| 100 | 1 | _aBraga, J.M. | |
| 245 | 1 | _aEficiencia agronomica de um fosfato natural e de um parcialmente acidulado em relacao ao soluvel | |
| 650 | _aSorgo Granifero | ||
| 650 | _aFosfato de Rocha | ||
| 650 | _aPropriedade Fisico-Quimica | ||
| 650 | _aAdubacao | ||
| 650 | _aMateria Seca | ||
| 773 | 0 |
_tRevista da Universidade do Amazonas. Serie: Ciencias Agrarias (Brazil) _xISSN 0103-7463 _g(Jul-Dec 1992), v. 1(2) p. 13-23 _wBR9505354 |
|
| 909 |
_a202311 _bLúcia _c55 _dLúcia Elande |
||
| 942 |
_2AGRIS _n0 _cANA |
||
| 999 |
_c144247 _d144247 |
||